000 00636 a2200157 4500
020 _a978-969-8535-29-2
082 _a338.9009171
090 _c1760
_d1760
100 _aDr. Safdar Ali Shah
245 _aColonialisn English and Punjabi
_cDr. Safdar Ali Shah
260 _aIslamabad
_bNUST Publishing
_c2015
300 _a349p
942 _aSNS
_cBK
_k338.9009171 SAF
999 _c30367
_d30367